Missouri Former and Current Municipalities - Statistics

General Stats
  • This quiz has been taken 3 times
  • The average score is 90 of 3102
Answer Stats
Municipality % Correct
Adair
67%
Houston
67%
Jack
67%
Jackson
67%
Jeff
67%
Jefferson City
67%
Kansas City
67%
Osa
67%
Abo
33%
Adrian
33%
Arcadia
33%
Ash
33%
Ashland
33%
Atlanta
33%
Auxvasse
33%
Bachelor
33%
Ballwin
33%
Belle
33%
Bellefontaine
33%
Bel-Nor
33%
Bel-Ridge
33%
Belton
33%
Berkeley
33%
Black
33%
Black Jack
33%
Bland
33%
Bloomfield
33%
Bolivar
33%
Boonville
33%
Bowling Green
33%
Branson
33%
Branson West
33%
Brazito
33%
Brentwood
33%
Bridgeton
33%
Brussells
33%
Byrnes Mill
33%
Cabool
33%
California
33%
Calwood
33%
Camden
33%
Camdenton
33%
Cameron
33%
Cape Girardeau
33%
Carthage
33%
Center
33%
Centralia
33%
Chester
33%
Chesterfield
33%
Chillicothe
33%
Clark
33%
Clarkson
33%
Clarkson Valley
33%
Clarksville
33%
Clay
33%
Clayton
33%
Clinton
33%
Coal
33%
Cool Valley
33%
Crest
33%
Crestwood
33%
Creve Coeur
33%
Crystal City
33%
Dardenne Prairie
33%
De Soto
33%
Des Peres
33%
Dutzow
33%
Eldon
33%
Ellis
33%
Ellisville
33%
Elsberry
33%
Eureka
33%
Excelsior
33%
Excelsior Springs
33%
Farmington
33%
Fenton
33%
Ferguson
33%
Festus
33%
Florida
33%
Florissant
33%
Foristell
33%
Fredericktown
33%
Frontenac
33%
Fulton
33%
Gerald
33%
Gladstone
33%
Grain Valley
33%
Grandview
33%
Hahn
33%
Hannibal
33%
Harris
33%
Harrison
33%
Harrisonville
33%
Hart
33%
Hartsburg
33%
Hawk Point
33%
Hazelwood
33%
Herculaneum
33%
Hermann
33%
Higginsville
33%
Hillsboro
33%
Holt
33%
Holts Summit
33%
Huntleigh
33%
Imperial
33%
Independence
33%
Jamestown
33%
Jennings
33%
Jonesburg
33%
Joplin
33%
Kennett
33%
Kingdom City
33%
Kirksville
33%
Kirkwood
33%
La Due
33%
Ladue
33%
Lake Ozark
33%
Lake St. Louis
33%
Leasburg
33%
Lebanon
33%
Lee's Summit
33%
Liberty
33%
Linn
33%
Lone Jack
33%
Louisiana
33%
Macon
33%
Manchester
33%
Maplewood
33%
Marlborough
33%
Marshall
33%
Marshfield
33%
Marthasville
33%
Maryland Heights
33%
Maryville
33%
Memphis
33%
Mexico
33%
Moberly
33%
Mokane
33%
Monett
33%
Monroe
33%
Montgomery City
33%
Moscow Mills
33%
Mound City
33%
Mountain View
33%
Mount Pleasant
33%
Neosho
33%
Nevada
33%
New Bloomfield
33%
New Franklin
33%
New Haven
33%
New Madrid
33%
New Melle
33%
Nixa
33%
Normandy
33%
Norwood
33%
Oak
33%
Oakland
33%
Oakville
33%
O'Fallon
33%
Old Monroe
33%
Olive
33%
Olivette
33%
Oregon
33%
Osage Beach
33%
Osage City
33%
Overland
33%
Owens
33%
Owensville
33%
Ozark
33%
Pacific
33%
Palmyra
33%
Paris
33%
Park Hills
33%
Perry
33%
Perryville
33%
Piedmont
33%
Pine
33%
Pine Lawn
33%
Platte City
33%
Pleasant Hill
33%
Poplar Bluff
33%
Portage Des Sioux
33%
Portland
33%
Potosi
33%
Raymore
33%
Raytown
33%
Republic
33%
Rhineland
33%
Rich Hill
33%
Richmond
33%
Richmond Heights
33%
Rocheport
33%
Rock Hill
33%
Rolla
33%
Rosebud
33%
Saint Charles
33%
Saint Clair
33%
Sainte Genevieve
33%
Saint James
33%
Saint Joseph
33%
Saint Louis
33%
Saint Paul
33%
Saint Peters
33%
Salem
33%
Sedalia
33%
Shrewsbury
33%
Sikeston
33%
Silex
33%
Sleeper
33%
Smithville
33%
Springfield
33%
St. Charles
33%
St. Clair
33%
Ste. Genevieve
33%
St. James
33%
St. Joseph
33%
St. Louis
33%
St. Paul
33%
St. Peters
33%
Sullivan
33%
Sunrise Beach
33%
Sunset
33%
Sunset Hills
33%
Sycamore
33%
Sycamore Hills
33%
Town and Country
33%
Treloar
33%
Troy
33%
Truxton
33%
Union
33%
University City
33%
Valley Park
33%
Van
33%
Van Buren
33%
Versailles
33%
Vinita Park
33%
Wainwright
33%
Waldo
33%
Warren
33%
Warrensburg
33%
Warrenton
33%
Warsaw
33%
Washington
33%
Waynesville
33%
Webb City
33%
Weldon Spring
33%
Wentzville
33%
West Plains
33%
Wildwood
33%
Willard
33%
Winchester
33%
Winfield
33%
Wright City
33%
Abesville
0%
Acasto
0%
Acorn Corner
0%
Acorn Ridge
0%
Adonis
0%
Advance
0%
Agency
0%
Agency Village
0%
Agnes
0%
Aid
0%
Aikinsville
0%
Airport Drive
0%
Akers
0%
Akron
0%
Alanthus Grove
0%
Alba
0%
Albany
0%
Albatross
0%
Aldrich
0%
Alexandria
0%
Alfalfa Center
0%
Alice
0%
All
0%
Allbright
0%
Allen
0%
Allendale
0%
Allen's Landing
0%
Allenville
0%
Alley Spring
0%
Alliance
0%
Allison
0%
Alma
0%
Almartha
0%
Alpha
0%
Altamont
0%
Alta Vista
0%
Altenburg
0%
Alton
0%
Altona
0%
Amazonia
0%
Americus
0%
Amity
0%
Amoret
0%
Amos
0%
Amsterdam
0%
Amy
0%
Anabel
0%
Anaconda
0%
Anderson
0%
Andover
0%
Annada
0%
Annapolis
0%
Anniston
0%
Anson
0%
Antelope
0%
Anthonies Mill
0%
Antioch
0%
Antonia
0%
Anutt
0%
Apache Flats
0%
Apex
0%
Apple Creek
0%
Appleton City
0%
Aptus
0%
Aquilla
0%
Arab
0%
Arbela
0%
Arbor
0%
Arbyrd
0%
Archie
0%
Arcola
0%
Arden
0%
Ardeola
0%
Arditta
0%
Ardmore
0%
Argentville
0%
Argo
0%
Argola
0%
Argyle
0%
Arkmo
0%
Arkoe
0%
Arley
0%
Arlington
0%
Armstrong
0%
Arnett
0%
Arnica
0%
Arno
0%
Arnold
0%
Arnsberg
0%
Aroma
0%
Arroll
0%
Arrow Point
0%
Arrow Rock
0%
Arthur
0%
Asbury
0%
Ascalon
0%
Ashburn
0%
Asherville
0%
Ash Grove
0%
Ash Hill
0%
Ashland Heights
0%
Ashley Creek
0%
Ashton
0%
Astoria
0%
Atherton
0%
Atwell
0%
Auburn
0%
Aud
0%
Augusta
0%
Aullville
0%
Aurora
0%
Aurora Center
0%
Aurora Springs
0%
Austin
0%
Ava
0%
Avalon
0%
Avalon Park
0%
Avenue City
0%
Avert
0%
Avery
0%
Avilla
0%
Avon
0%
Avondale
0%
Axtell
0%
Azen
0%
Babbtown
0%
Bacon
0%
Bado
0%
Bagnell
0%
Bahner
0%
Bailey
0%
Bainbridge
0%
Baird
0%
Bairdston
0%
Baker
0%
Bakersfield
0%
Bakerville
0%
Baldwin Park
0%
Ballard
0%
Bancroft
0%
Bangert
0%
Banner
0%
Bannister
0%
Bardley
0%
Baring
0%
Barkley
0%
Barks
0%
Barnard
0%
Barnesville
0%
Barnett
0%
Barnhart
0%
Barnumton
0%
Barryville
0%
Bartlett
0%
Baryties
0%
Basher
0%
Bass
0%
Bates City
0%
Batesville
0%
Bath
0%
Bath Corner
0%
Battlefield
0%
Bay
0%
Bayouville
0%
Beach
0%
Beaman
0%
Bear Branch
0%
Bearcreek
0%
Beaufort
0%
Beaverdam
0%
Bedford
0%
Bedison
0%
Bee Fork
0%
Beemont
0%
Belews Creek
0%
Belfast
0%
Belgique
0%
Belgrade
0%
Bellamy
0%
Bella Villa
0%
Bell City
0%
Bellefontaine Neighbors
0%
Bellerive
0%
Belleview
0%
Belleville
0%
Bellflower
0%
Bell Grove
0%
Bellville
0%
Bem
0%
Benbow
0%
Bend
0%
Bendavis
0%
Bengal
0%
Benjamin
0%
Bennett Springs
0%
Benton
0%
Benton City
0%
Bentonville
0%
Berger
0%
Bernheimer
0%
Bernie
0%
Berryman
0%
Bertha
0%
Bertrand
0%
Berwick
0%
Bessville
0%
Bethany
0%
Bethel
0%
Bethpage
0%
Beulah
0%
Beverly
0%
Beverly Hills
0%
Bevier
0%
Bible Grove
0%
Bidwell
0%
Big Creek
0%
Bigelow
0%
Biggs
0%
Big Lake
0%
Big Piney
0%
Big Ridge
0%
Bijou Hills
0%
Billings
0%
Billingsville
0%
Billmore
0%
Birch Tree
0%
Bird's Point
0%
Birmingham
0%
Bismarck
0%
Bixby
0%
Blackburn
0%
Blackhawk
0%
Black Oak
0%
Black Walnut
0%
Blackwater
0%
Blackwell
0%
Blaine
0%
Blairstown
0%
Blanchard
0%
Blanche
0%
Blase
0%
Bleda
0%
Bliss
0%
Blodgett
0%
Blomeyer
0%
Blooming Rose
0%
Bloomington
0%
Bloomsdale
0%
Blucksberg Mountain
0%
Blue Eye
0%
Blue Lick
0%
Blue Mills
0%
Blue Ridge
0%
Blue Springs
0%
Blue Summit
0%
Bluffton
0%
Blythedale
0%
Boaz
0%
Boekerton
0%
Bogard
0%
Bois D'Arc
0%
Bolckow
0%
Boles
0%
Bolton
0%
Bona
0%
Bonanza
0%
Bonne Terre
0%
Bonnots Mill
0%
Boonesboro
0%
Boschertown
0%
Boss
0%
Boston
0%
Bosworth
0%
Boulder City
0%
Bourbon
0%
Bowen
0%
Bowers Mill
0%
Bowmansville
0%
Boyd
0%
Boydsville
0%
Boyer
0%
Boylers Mill
0%
Boynton
0%
Bracken
0%
Bradleyville
0%
Braggadocio
0%
Bragg City
0%
Braley
0%
Branch
0%
Brandon
0%
Brandsville
0%
Brant Lake
0%
Brashear
0%
Braswell
0%
Brawley
0%
Braymer
0%
Brays
0%
Brazeau
0%
Breckenridge
0%
Breckenridge Hills
0%
Brevator
0%
Brewer
0%
Brian
0%
Briar
0%
Brickey's
0%
Bridge Creek
0%
Bridgeport
0%
Brighton
0%
Brimson
0%
Brinktown
0%
Briscoe
0%
Bristow
0%
Brixey
0%
Broadwater
0%
Brock
0%
Bronaugh
0%
Brookfield
0%
Brooklyn
0%
Brooklyn Heights
0%
Broseley
0%
Brownbranch
0%
Brownfield
0%
Browning
0%
Brownington
0%
Browns
0%
Browns Spring
0%
Brownwood
0%
Brumley
0%
Bruner
0%
Brunot
0%
Brunswick
0%
Brush Creek
0%
Brushyknob
0%
Bryson
0%
Buchanan
0%
Buck Creek
0%
Buck Donic
0%
Buckeye
0%
Buckhart
0%
Buckhorn
0%
Bucklin
0%
Buckner
0%
Bucoda
0%
Bucyrus
0%
Budapest
0%
Buell
0%
Buffalo
0%
Buffington
0%
Bull Creek
0%
Bullhead
0%
Bullion
0%
Bull Run Camp
0%
Bunceton
0%
Bunker
0%
Bunker Hill
0%
Burbank
0%
Burch
0%
Burdett
0%
Burfordville
0%
Burg
0%
Burgess
0%
Burksville
0%
Burlington Junction
0%
Burnham
0%
Burns
0%
Burr
0%
Burton
0%
Burtville
0%
Bushburg
0%
Bushnell
0%
Butler
0%
Butterfield
0%
Butts
0%
Buttsville
0%
Bynumville
0%
Byron
0%
Caddo
0%
Cadet
0%
Caffeyville
0%
Cainsville
0%
Cairo
0%
Caledonia
0%
Calhoun
0%
Callao
0%
Callaway
0%
Calm
0%
Calumet
0%
Calverton Park
0%
Camden Point
0%
Campbell
0%
Campbellton
0%
Canalou
0%
Cane Hill
0%
Cannon Mines
0%
Canton
0%
Cap au Gris
0%
Cape Fair
0%
Caplinger Mills
0%
Cappeln
0%
Capps
0%
Carbon Center
0%
Cardwell
0%
Cardy
0%
Carico
0%
Carie
0%
Carl Junction
0%
Carlow
0%
Carola
0%
Carrington
0%
Carr Lane
0%
Carrol Junction
0%
Carrollton
0%
Carsonville
0%
Carterville
0%
Caruth
0%
Caruthersville
0%
Carytown
0%
Cascade
0%
Case
0%
Cassville
0%
Castor
0%
Catalpa
0%
Catawba
0%
Catawissa
0%
Catherine Place
0%
Cato
0%
Catron
0%
Caulfield
0%
Cave
0%
Cave City
0%
Caverna
0%
Cave Spring
0%
Cedar City
0%
Cedar Creek
0%
Cedar Gap
0%
Cedar Hill Lakes
0%
Cedar Springs
0%
Cedarville
0%
Cedron
0%
Celt
0%
Centertown
0%
Centerview
0%
Centerville
0%
Chadwick
0%
Chaffee
0%
Chain of Rocks
0%
Chain-O-Lakes
0%
Chalk Level
0%
Chambersburg
0%
Chamois
0%
Champ
0%
Champion
0%
Champion City
0%
Chandler
0%
Chantilly
0%
Chapel
0%
Chapel Hill
0%
Chapin
0%
Chariton
0%
Charity
0%
Charlack
0%
Charleston
0%
Charmwood
0%
Charter Oak
0%
Cheney
0%
Cherokee Pass
0%
Cherry Valley
0%
Cherryville
0%
Chesapeake
0%
Chestnut Ridge
0%
Chestnutridge
0%
Chicopee
0%
Chilhowee
0%
Chilton
0%
China
0%
Chloride
0%
Chouteau Springs
0%
Christian Center
0%
Christopher
0%
Chula
0%
Cincinnati
0%
Civil Bend
0%
Clapper
0%
Clara
0%
Clarence
0%
Clark City
0%
Clarksburg
0%
Clarksdale
0%
Clarks Fork
0%
Clarkton
0%
Claryville
0%
Claycomo
0%
Claysville
0%
Clearmont
0%
Clear Springs
0%
Clearwater
0%
Cleavesville
0%
Clement
0%
Clementine
0%
Cleopatra
0%
Cleveland
0%
Clevenger
0%
Clever
0%
Cliff Village
0%
Clifton
0%
Clifton City
0%
Clifton Hill
0%
Climax Springs
0%
Cliquot
0%
Clover Bottom
0%
Cloverdale
0%
Clubb
0%
Clyde
0%
Coatsville
0%
Cobalt
0%
Cobb
0%
Cockrell
0%
Cockrum
0%
Cody
0%
Coffey
0%
Coffeyton
0%
Coffman
0%
Coldspring
0%
Cold Springs
0%
Coldwater
0%
Cole Camp
0%
Coleman
0%
College Mound
0%
Collins
0%
Colonial Pine Hills
0%
Colony
0%
Columbia
0%
Columbus
0%
Comet
0%
Commerce
0%
Como
0%
Competition
0%
Conception Junction
0%
Concord
0%
Concord Hill
0%
Concordia
0%
Condray
0%
Coney Island
0%
Conklin
0%
Connelsville
0%
Conran
0%
Converse
0%
Conway
0%
Cooksey
0%
Cook Station
0%
Cookville
0%
Cooper Hill
0%
Cooter
0%
Cora
0%
Corder
0%
Corn Creek
0%
Cornelia
0%
Corners
0%
Corning
0%
Cornwall
0%
Corona
0%
Corridon
0%
Corry
0%
Corsicana
0%
Corso
0%
Corticelli
0%
Cosby
0%
Cottage
0%
Cottbus
0%
Cottleville
0%
Cotton Plant
0%
Couch
0%
Coulstone
0%
Country Club
0%
Country Club Hills
0%
Country Club Village
0%
Country Life Acres
0%
Courtney
0%
Courtois
0%
Cove
0%
Covington
0%
Cow Creek
0%
Cowgill
0%
Cox
0%
Coy
0%
Craddock
0%
Craig
0%
Crane
0%
Crawford
0%
Creighton
0%
Crescent Hill
0%
Crider
0%
Crites Corner
0%
Crocker
0%
Crockerville
0%
Crook
0%
Crooks Springs
0%
Cross Roads
0%
Cross Timbers
0%
Crosstown
0%
Crown
0%
Cruise Mill
0%
Crump
0%
Crystal Lake Park
0%
Crystal Lakes
0%
Cuba
0%
Cull
0%
Cunningham
0%
Curdton
0%
Cureall
0%
Current View
0%
Curryville
0%
Curzon
0%
Custer
0%
Cyclone
0%
Cyrene
0%
Cyrus
0%
Czar
0%
Dadeville
0%
Dagonia
0%
Daisy
0%
Dakota Dunes
0%
Dalton
0%
Dameron
0%
Damsel
0%
Danby
0%
Danforth
0%
Darien
0%
Darksville
0%
Darlington
0%
Daugherty
0%
Davis
0%
Davisville
0%
Dawn
0%
Dawson
0%
Dawsonville
0%
Dawt
0%
Day
0%
Dayton
0%
Dearborn
0%
Decaturville
0%
Deckard-Y
0%
Dederick
0%
Deepwater
0%
Deer
0%
Deerfield
0%
Deering
0%
Deer Park
0%
Deer Ridge
0%
Dees Town
0%
Defiance
0%
De Kalb
0%
De Lassus
0%
Delaware
0%
Delbridge
0%
Delhi
0%
Dell
0%
Dell Junction
0%
Dellwood
0%
Delmar
0%
Delta
0%
Denlow
0%
Dennis Acres
0%
Dent
0%
Denton
0%
Denver
0%
Depew
0%
Derrahs
0%
Des Arc
0%
Deslet
0%
Desloge
0%
Deventer
0%
Devils Elbow
0%
De Witt
0%
Dexter
0%
Diamond
0%
Dickens
0%
Diehlstadt
0%
Diggins
0%
Dillard
0%
Dillman
0%
Dillon
0%
Dissen
0%
Dittmer
0%
Dixie
0%
Dixon
0%
Dockery
0%
Dodds
0%
Doe Run
0%
Dogwood
0%
Dongola
0%
Doniphan
0%
Donnell
0%
Doolittle
0%
Dora
0%
Dorena
0%
Doss
0%
Dotham
0%
Dove
0%
Dover
0%
Downing
0%
Doyle
0%
Doylesport
0%
Drake
0%
Dresden
0%
Drew
0%
Drexel
0%
Drum
0%
Drury
0%
Drynob
0%
Dublin
0%
Dudenville
0%
Dudley
0%
Duenweg
0%
Duggan
0%
Dugginsville
0%
Duke
0%
Dumas
0%
Duncan
0%
Dundee
0%
Dunksburg
0%
Dunlap
0%
Dunn
0%
Dunnegan
0%
Duquesne
0%
Durgen
0%
Durham
0%
Durnell
0%
Dutchtown
0%
Dye
0%
Dykes
0%
Eagle Rock
0%
Eagleville
0%
Earl
0%
Earth City
0%
Easley
0%
East Leavenworth
0%
East Lynne
0%
Easton
0%
East Prairie
0%
Eastview
0%
Eastwood
0%
Ebenezer
0%
Ebo
0%
Economy
0%
Ectonville
0%
Edgar Springs
0%
Edgehill
0%
Edgerton
0%
Edgerton Junction
0%
Edgewood
0%
Edina
0%
Edinburg
0%
Edmonson
0%
Edmundson
0%
Edwards
0%
Egbert
0%
Egypt Grove
0%
Egypt Mills
0%
Elayer
0%
El Dorado Springs
0%
Eldridge
0%
Elgin
0%
Elijah
0%
Elixer
0%
Elk Creek
0%
Elkhead
0%
Elkhorn
0%
Elkland
0%
Elko
0%
Elk Prairie
0%
Elkton
0%
Ellington
0%
Elliott
0%
Ellis Prairie
0%
Ellsinore
0%
Ellsworth
0%
Elm
0%
Elmer
0%
Elmira
0%
Elmo
0%
Elmont
0%
Elm Point
0%
Elmwood
0%
Elsey
0%
Elston
0%
Elwood
0%
Ely
0%
Emden
0%
Emerald Beach
0%
Emerson
0%
Eminence
0%
Emma
0%
Empire
0%
Energy
0%
Englewood
0%
Enon
0%
Enterprise
0%
Enyart
0%
Eolia
0%
Epworth
0%
Erie
0%
Ernestville
0%
Esper
0%
Esrom
0%
Essex
0%
Estes
0%
Estill
0%
Ethel
0%
Ethlyn
0%
Etlah
0%
Etna
0%
Etterville
0%
Eudora
0%
Eugene
0%
Eunice
0%
Europa
0%
Evansville
0%
Eve
0%
Evening Shade
0%
Everett
0%
Evergreen
0%
Eversonville
0%
Everton
0%
Evona
0%
Ewing
0%
Excelsior Estates
0%
Exchange
0%
Exeter
0%
Fabius
0%
Fagus
0%
Fairdealing
0%
Fairfax
0%
Fair Grove
0%
Fair Haven
0%
Fairmont
0%
Fair Play
0%
Fairport
0%
Fairview
0%
Fairville
0%
Faith
0%
Falcon
0%
Famous
0%
Fanchon
0%
Fanning
0%
Farber
0%
Farewell
0%
Farley
0%
Farmer
0%
Farmersville
0%
Faro
0%
Farrar
0%
Farrenburg
0%
Faucett
0%
Fawn
0%
Fay
0%
Fayette
0%
Fayetteville
0%
Fedora
0%
Fegley
0%
Femme Osage
0%
Fenwick Settlement
0%
Ferney
0%
Ferrelview
0%
Fertile
0%
Fidelity
0%
Fielden
0%
Filer
0%
Filley
0%
Fillmore
0%
Finey
0%
Fisk
0%
Flag Spring
0%
Flag Springs
0%
Flat
0%
Flatwood
0%
Flatwoods
0%
Fleming
0%
Flemington
0%
Fletcher
0%
Flint Hill
0%
Flint Hill City
0%
Flordell Hills
0%
Florence
0%
Floyd
0%
Flucom
0%
Foil
0%
Foley
0%
Folk
0%
Folsom
0%
Foose
0%
Forbes
0%
Ford City
0%
Fordham
0%
Fordland
0%
Forestburg
0%
Forest City
0%
Forest Green
0%
Forker
0%
Forkners Hill
0%
Forsyth
0%
Fortescue
0%
Fort Henry
0%
Fort Thompson
0%
Fortuna
0%
Foster
0%
Fountainbleau
0%
Fountain Grove
0%
Fountain N' Lakes
0%
Fowler
0%
Frankclay
0%
Frankenstein
0%
Frankford
0%
Franklin
0%
Franks
0%
Frankville
0%
Frazier
0%
Fredericksburg
0%
Freeburg
0%
Freedom
0%
Freeman
0%
Freistatt
0%
Fremont
0%
Fremont Hills
0%
French Mills
0%
French Town
0%
French Village
0%
Friedenberg
0%
Friedheim
0%
Frisbee
0%
Frisco
0%
Fristoe
0%
Frogtown
0%
Frohna
0%
Fruit City
0%
Fruitland
0%
Fruitville
0%
Frumet
0%
Fulkerson
0%
Fuson
0%
Gainesville
0%
Galena
0%
Galesburg
0%
Gallatin
0%
Galt
0%
Gamburg
0%
Gamma
0%
Gang
0%
Gann Valley
0%
Garber
0%
Garden City
0%
Garfield
0%
Garland
0%
Garner
0%
Garrettsburg
0%
Garrison
0%
Garwood
0%
Gasconade
0%
Gascozark
0%
Gatewood
0%
Gaylor
0%
Gaynor
0%
Gayoso
0%
Gazette
0%
Gentry
0%
Gentryville
0%
Georgetown
0%
Georgeville
0%
Germantown
0%
Gerster
0%
Ghermanville
0%
Gibbs
0%
Gibson
0%
Gideon
0%
Gildehouse
0%
Gilead
0%
Gilliam
0%
Gilman City
0%
Gilmore
0%
Ginger Blue
0%
Ginlet
0%
Gipsy
0%
Girdner
0%
Gladden
0%
Glasgow
0%
Glenaire
0%
Glen Allen
0%
Glencoe
0%
Glendale
0%
Glen Echo Park
0%
Glenn
0%
Glennon
0%
Glennonville
0%
Glensted
0%
Glenwood
0%
Glidewell
0%
Glover
0%
Gobler
0%
Golden
0%
Golden City
0%
Goldman
0%
Goldsberry
0%
Goodhope
0%
Goodland
0%
Goodman
0%
Goodnight
0%
Goodson
0%
Good Water
0%
Goodwill
0%
Gordonville
0%
Gore
0%
Goshen
0%
Goss
0%
Gould Farm
0%
Gower
0%
Grace
0%
Graff
0%
Graham
0%
Granada
0%
Granby
0%
Grand Falls Plaza
0%
Grandin
0%
Grand Pass
0%
Granger
0%
Graniteville
0%
Grant City
0%
Grantsville
0%
Grantwood Village
0%
Granville
0%
Grassy
0%
Gravel Hill
0%
Gravelton
0%
Gravois Mills
0%
Graydon Springs
0%
Grayhawk
0%
Grayson
0%
Grays Point
0%
Graysville
0%
Greeley
0%
Green Bay Terrace
0%
Greenbrier
0%
Greencastle
0%
Green City
0%
Greendale
0%
Greendoor
0%
Greenfield
0%
Green Grass
0%
Greenlawn
0%
Green Park
0%
Green Ridge
0%
Greensburg
0%
Greenton
0%
Greentop
0%
Green Valley
0%
Greenville
0%
Greenwood
0%
Greer
0%
Gregg
0%
Gregory Landing
0%
Griffin
0%
Grimmet
0%
Griswold
0%
Grover
0%
Grovespring
0%
Grubville
0%
Guam
0%
Guild
0%
Guilford
0%
Guiteau
0%
Gumbo
0%
Gunn City
0%
Guthridge
0%
Guthrie
0%
Hackney
0%
Hadley
0%
Hagers Grove
0%
Hahns Mill
0%
Hale
0%
Half Rock
0%
Halfway
0%
Halifax
0%
Halleck
0%
Halloran
0%
Halls
0%
Hallsville
0%
Halltown
0%
Hamden
0%
Hamill
0%
Hamilton
0%
Hamilton Town
0%
Hammack
0%
Hammond
0%
Hams Prairie
0%
Hancock
0%
Handley
0%
Handy
0%
Hanley Hills
0%
Hannon
0%
Happy Hollow
0%
Hardeman
0%
Hardenville
0%
Hardin
0%
Harg
0%
Hargrove
0%
Harkes
0%
Harold
0%
Harper
0%
Harrisburg
0%
Harrison Mills
0%
Harriston
0%
Hartford
0%
Hartshorn
0%
Hartville
0%
Hartzell
0%
Harvester
0%
Harviell
0%
Harwood
0%
Haseltine
0%
Haseville
0%
Hassard
0%
Hastain
0%
Hatch
0%
Hatfield
0%
Hatton
0%
Havenhurst
0%
Hawkeye
0%
Hayden
0%
Haydite
0%
Haynesville
0%
Hayti
0%
Hayti Heights
0%
Haywood City
0%
Hazelgreen
0%
Hazel Run
0%
Heagy
0%
Heather
0%
Heatonville
0%
Hebron
0%
Hecla
0%
Hedge City
0%
Hedrick
0%
Helena
0%
Helm
0%
Helton
0%
Hematite
0%
Hemenway
0%
Hemker
0%
Hemple
0%
Henderson
0%
Hendrickson
0%
Henley
0%
Henrietta
0%
Henson
0%
Hercules
0%
Hereford
0%
Hermitage
0%
Hermondale
0%
Herndon
0%
Hest
0%
Hester
0%
Hickory Barren
0%
Hickory Creek
0%
Hickory Hill
0%
Hickory Ridge
0%
Hicks City
0%
Higbee
0%
Higdon
0%
High Gate
0%
High Hill
0%
Highland
0%
Highlandville
0%
High Point
0%
High Prairie
0%
Hilda
0%
Hilderbrand
0%
Hiler
0%
Hilldale
0%
Hilliard
0%
Hillsdale
0%
Hinch
0%
Hines Landing
0%
Hinton
0%
Hiram
0%
Hitt
0%
Hoberg
0%
Hobson
0%
Hocomo
0%
Hodge
0%
Hoecker
0%
Hofflins
0%
Hoffman
0%
Hogan
0%
Holcomb
0%
Holden
0%
Holland
0%
Hollensville
0%
Holliday
0%
Hollis
0%
Hollister
0%
Hollywood
0%
Holstein
0%
Homeland
0%
Homestead
0%
Homestown
0%
Honey Creek
0%
Hooker
0%
Hoover
0%
Hope
0%
Hopewell
0%
Hopkins
0%
Hornersville
0%
Hornet
0%
Horton
0%
Horton Town
0%
Houck
0%
House Creek
0%
House Springs
0%
Houstonia
0%
Houston Lake
0%
Howards Ridge
0%
Howardville
0%
Howell
0%
Howes
0%
Howes Mill
0%
Hubbard
0%
Hubbells
0%
Huckaby
0%
Huddleston
0%
Hudson
0%
Huff
0%
Huggins
0%
Hughesville
0%
Hugo
0%
Hulsey
0%
Humansville
0%
Hume
0%
Humphreys
0%
Hunnewell
0%
Hunter
0%
Hunterville
0%
Huntingdale
0%
Huntington
0%
Huntsville
0%
Hurdland
0%
Hurley
0%
Huron
0%
Hurricane
0%
Hurricane Deck
0%
Hurricane Ridge
0%
Hurryville
0%
Huskey
0%
Hutchison
0%
Hutton Valley
0%
Huzzah
0%
Iantha
0%
Iatan
0%
Iberia
0%
Iconium
0%
Idalia
0%
Idlewild
0%
Ilasco
0%
Indian Creek
0%
Indian Grove
0%
Indian Point
0%
Ingram Ridge
0%
Innsbrook
0%
Ionia
0%
Ipley
0%
Ira
0%
Irena
0%
Iron Center
0%
Irondale
0%
Iron Mountain
0%
Iron Mountain Lake
0%
Ironton
0%
Irwin
0%
Isabella
0%
Isadora
0%
Island City
0%
Ives
0%
Jacket
0%
Jacksonville
0%
Jadwin
0%
Jaegers Shop
0%
Jake Prairie
0%
Jameson
0%
Jamesport
0%
Jamesville
0%
Japan
0%
Jarvis
0%
Jasper
0%
Jaudon
0%
Jeddo
0%
Jeffriesburg
0%
Jenkins
0%
Jerico Springs
0%
Jerktail
0%
Jerome
0%
Jewett
0%
Jobe
0%
Johnson City
0%
Johnson Siding
0%
Johnstown
0%
Jolly
0%
Jonca
0%
Jordan
0%
Josephville
0%
Joy
0%
Judge
0%
Judson
0%
Julesburg
0%
Junction City
0%
June
0%
Junland
0%
Kagel
0%
Kahoka
0%
Kaiser
0%
Kampville
0%
Karlin
0%
Kaseyville
0%
Katy
0%
Kaylor
0%
Kearney
0%
Keeners
0%
Keethtown
0%
Kellerville
0%
Kellogg
0%
Kelso
0%
Keltner
0%
Kendall
0%
Kendricktown
0%
Kenmoor
0%
Kenoma
0%
Kenwood
0%
Keota
0%
Kern
0%
Kerrville
0%
Ketterman
0%
Kewanee
0%
Keysville
0%
Keytesville
0%
Kidder
0%
Kiel
0%
Kilwinning
0%
Kimberling City
0%
Kimberly
0%
Kimble
0%
Kimmswick
0%
Kinder
0%
Kinderpost
0%
Kinfolks Ridge
0%
King City
0%
Kings Point
0%
Kingston
0%
Kingsville
0%
Kinloch
0%
Kinsey
0%
Kinzer
0%
Kirby
0%
Kirbyville
0%
Kissenger
0%
Kliever
0%
Klondike
0%
Knights
0%
Knobby
0%
Knob Lick
0%
Knob Noster
0%
Knorpp
0%
Knox
0%
Knox City
0%
Knoxville
0%
Kodiak
0%
Koeltztown
0%
Koenig
0%
Koester
0%
Kohl City
0%
Koshkonong
0%
Krakow
0%
Kremlin Mill
0%
Kurreville
0%
Kyle
0%
Labadie
0%
LaBarque Creek
0%
La Belle
0%
Laclede
0%
Ladd
0%
Laddonia
0%
Ladero
0%
Laflin
0%
La Forge
0%
Lagonda
0%
La Grange
0%
Lake Annette
0%
Lake Creek
0%
Lake Lafayette
0%
Lakeland
0%
Lake Lotawana
0%
Lake Madison
0%
Lake Mykee Town
0%
Lakenan
0%
Lake Poinsett
0%
Lakeshire
0%
Lakeside
0%
Lake Spring
0%
Lake Station
0%
Lake Tapawingo
0%
Lakeview
0%
Lakeview Heights
0%
Lake Waukomis
0%
Lake Winnebago
0%
Lamar
0%
Lamar Heights
0%
Lambert
0%
Lamine
0%
La Monte
0%
Lampe
0%
Lanagan
0%
Lancaster
0%
Lance
0%
Lanes Prairie
0%
Langdon
0%
Lanton
0%
La Plant
0%
La Plata
0%
Laquey
0%
Laredo
0%
La Russell
0%
La Saline
0%
Latham
0%
Lathrop
0%
La Tour
0%
Latty
0%
Laura
0%
Laurie
0%
LaValle
0%
Lawrenceburg
0%
Lawrenceton
0%
Lawson
0%
Leadington
0%
Leadmine
0%
Leadwood
0%
Leann
0%
Leawood
0%
Lebeck
0%
Lebo
0%
Lecoma
0%
Leemon
0%
Leeper
0%
Leesville
0%
Leeton
0%
Leibig
0%
Lenox
0%
Lentner
0%
Leonard
0%
Leopold
0%
Leora
0%
Leota
0%
Leslie
0%
Lesterville
0%
Levasy
0%
Leverton
0%
Levick Mill
0%
Levy
0%
Lewis
0%
Lewis & Clark Village
0%
Lewis Mill
0%
Lewistown
0%
Lexington
0%
Liberal
0%
Libertyville
0%
Licking
0%
Light
0%
Liguori
0%
Lilbourn
0%
Lilly
0%
Lincoln
0%
Lindell
0%
Linden
0%
Lindley
0%
Lingo
0%
Linn Creek
0%
Linneus
0%
Lippstadt Community
0%
Lisbon
0%
Lisle
0%
Lithium
0%
Little Berger
0%
Little Compton
0%
Little Eagle
0%
Little Union
0%
Lively
0%
Livonia
0%
Lixville
0%
Local
0%
Loch Lloyd
0%
Lock Springs
0%
Lockwood
0%
Locust
0%
Locust Hill
0%
Lodge
0%
Lodi
0%
Logan
0%
Lohman
0%
Lohmer
0%
Lois
0%
Loma Linda
0%
Lonedell
0%
Lone Elm
0%
Lone Star
0%
Lone Tree
0%
Long Hollow
0%
Long Lane
0%
Longrun
0%
Longtown
0%
Longview
0%
Longwood
0%
Loomis
0%
Loose Creek
0%
Loughboro
0%
Louisburg
0%
Louisville
0%
Love Lake
0%
Lowell
0%
Lower Brule
0%
Lowndes
0%
Lowry City
0%
Low Wassie
0%
Lucas
0%
Lucerne
0%
Ludlow
0%
Ludwig
0%
Luebbering
0%
Lulu
0%
Lundy
0%
Lupus
0%
Luray
0%
Lusk
0%
Lutie
0%
Luystown
0%
Lynchburg
0%
Lyon
0%
Lyons
0%
Mabel
0%
Macedonia Neighborhood
0%
Mackenzie
0%
Mackeys
0%
Macks Creek
0%
Mackville
0%
Macomb
0%
Madison
0%
Madisonville
0%
Madry
0%
Magnolia
0%
Mahan
0%
Main City
0%
Maitland
0%
Majorville
0%
Malden
0%
Malta Bend
0%
Mammoth
0%
Manderson-White Horse Creek
0%
Mandeville
0%
Manes
0%
Manila
0%
Mansfield
0%
Many Springs
0%
Mapaville
0%
Maple Grove
0%
Maples
0%
Marais Croche
0%
Marble Hill
0%
Marceline
0%
March
0%
Marco
0%
Marion
0%
Marionville
0%
Marling
0%
Marlo
0%
Marlow
0%
Marquand
0%
Marshall Junction
0%
Marston
0%
Martinsburg
0%
Martinstown
0%
Martinsville
0%
Marty
0%
Marvin
0%
Maryden
0%
Marys Home
0%
Mathis
0%
Matkins
0%
Matson
0%
Matthews
0%
Maud
0%
Maulsby
0%
Maupin
0%
Maurine
0%
May
0%
Mayesburg
0%
Mayfield
0%
Mayflower
0%
Maysville
0%
Mayview
0%
Maywood
0%
McAllister Springs
0%
McBaine
0%
McBride
0%
McCarty
0%
McClurg
0%
McCord Bend
0%
McCracken
0%
McCune
0%
McCurry
0%
McDowell
0%
McElhany
0%
McFall
0%
McGee
0%
McGirk
0%
McGuire
0%
McIntosh
0%
McKinley
0%
McKittrick
0%
McMullin
0%
McNatt
0%
Meadow View Addition
0%
Meadville
0%
Mecca
0%
Mechanicsville
0%
Medford
0%
Medill
0%
Medoc
0%
Meinert
0%
Melbourne
0%
Melzo
0%
Mendon
0%
Menfro
0%
Mentor
0%
Meramec Heights
0%
Mercer
0%
Mercyville
0%
Merriam Woods
0%
Merritt
0%
Merwin
0%
Messler
0%
Meta
0%
Miami
0%
Miami Station
0%
Micola
0%
Mid City
0%
Middlebrook
0%
Middle Fabius
0%
Middle Grove
0%
Middletown
0%
Midland
0%
Midridge
0%
Midway
0%
Mike
0%
Milan
0%
Mildred
0%
Miles Point
0%
Milford
0%
Mill
0%
Millard
0%
Millbrook
0%
Millcreek
0%
Miller
0%
Millers
0%
Millersburg
0%
Millersville
0%
Mill Grove
0%
Millheim
0%
Millport
0%
Mill Spring
0%
Milltown
0%
Millville
0%
Millwood
0%
Milo
0%
Milton
0%
Miltondale
0%
Mincy
0%
Minden
0%
Mindenmines
0%
Mine La Motte
0%
Mineola
0%
Miner
0%
Mineral City
0%
Mineral Point
0%
Mineral Spring
0%
Mingo
0%
Minimum
0%
Minnith
0%
Mint Hill
0%
Mirabile
0%
Miramiguoa Park
0%
Missouri City
0%
Mitchell
0%
Mitchells Corner
0%
Mitchellville
0%
Moccasin Springs
0%
Modena
0%
Mohawk Corner
0%
Moline Acres
0%
Molino
0%
Monday
0%
Monegaw Springs
0%
Monroe City
0%
Montague
0%
Montauk
0%
Monterey
0%
Montevallo
0%
Monticello
0%
Montreal
0%
Montrose
0%
Montserrat
0%
Moody
0%
Mooresville
0%
Mora
0%
Morehouse
0%
Morgan
0%
Morley
0%
Morningside
0%
Morrison
0%
Morrisville
0%
Morse Mill
0%
Morton
0%
Mosby
0%
Moselle
0%
Mosher
0%
Mounce
0%
Moundville
0%
Mountain Dale
0%
Mountain Grove
0%
Mount Airy
0%
Mount Hope
0%
Mount Hulda
0%
Mount Leonard
0%
Mount Moriah
0%
Mount Olive
0%
Mount Sterling
0%
Mount Vernon
0%
Mount Zion
0%
Mumford
0%
Munger
0%
Mungers
0%
Munsell
0%
Munsons
0%
Musselfork
0%
Myrick
0%
Myrtle
0%
Mystic
0%
Naomi
0%
Napoleon
0%
Napton
0%
Nashville
0%
Naylor
0%
Nebo
0%
Neck City
0%
Needmore
0%
Neely's Landing
0%
Neelyville
0%
Neeper
0%
Neier
0%
Nelson
0%
Nelsonville
0%
Nemo
0%
Neongwah
0%
Nesbit
0%
Netherlands
0%
Nettleton
0%
Newark
0%
New Boston
0%
Newburg
0%
New Cambria
0%
Newcomer
0%
New Florence
0%
New Frankfort
0%
New Garden
0%
New Hamburg
0%
New Hampton
0%
New Harmony
0%
New Hartford
0%
New Holland
0%
New Home
0%
New Hope
0%
Newland
0%
New Lebanon
0%
New London
0%
New Market
0%
Newmarket
0%
New Offenburg
0%
New Point
0%
Newport
0%
New Survey
0%
Newtonia
0%
Newtown
0%
New Truxton
0%
New Wells
0%
New Woollam
0%
Niangua
0%
Nichols Grove
0%
Nickellton
0%
Nile
0%
Nind
0%
Nineveh
0%
Noble
0%
Nodaway
0%
Noel
0%
Nona
0%
Norborne
0%
Norris
0%
Northcut
0%
North Eagle Butte
0%
North Fork
0%
North Kansas City
0%
North Lilbourn
0%
Northmoor
0%
North River
0%
North Salem
0%
North Spearfish
0%
Northview
0%
Northwoods
0%
Northwye
0%
Norton
0%
Norville
0%
Norwood Court
0%
Noser Mill
0%
Not
0%
Notch
0%
Nottinghill
0%
Novelty
0%
Novinger
0%
Noxall
0%
Nyhart
0%
Nyssa
0%
Oakdale
0%
Oak Grove
0%
Oak Grove Heights
0%
Oak Grove Village
0%
Oak Hill
0%
Oak Mound
0%
Oak Ridge
0%
Oaks
0%
Oakside
0%
Oakton
0%
Oakview
0%
Oakwood
0%
Oakwood Park
0%
Oates
0%
Ocie
0%
Octa
0%
Odessa
0%
Odin
0%
Oermann
0%
Oetters
0%
Ogborn
0%
Oglala
0%
Oglesville
0%
Ohio
0%
Ohlman
0%
Oil City
0%
Okaton
0%
Okete
0%
Okreek
0%
Ola
0%
Olathia
0%
Old Appleton
0%
Olden
0%
Oldfield
0%
Oldham
0%
Old Mines
0%
Old Pattonsburg
0%
Olean
0%
Olga
0%
Olinger
0%
Olney
0%
Olympia
0%
Olympian Village
0%
Omaha
0%
Ongo
0%
Opal
0%
Oran
0%
Orange
0%
Orchard Farm
0%
Orchid
0%
Orearville
0%
Origanna
0%
Oriole
0%
Orla
0%
Oronogo
0%
Orrick
0%
Orrsburg
0%
Osage Bend
0%
Osage Bluff
0%
Osborn
0%
Oscar
0%
Osceola
0%
Osgood
0%
Osiris
0%
Oskaloosa
0%
Oto
0%
Otterville
0%
Overton
0%
Owasco
0%
Owenmont
0%
Owls Bend
0%
Owsley
0%
Oxford
0%
Oyer
0%
Ozark Beach
0%
Ozora
0%
Pacetown
0%
Pack
0%
Page City
0%
Pagedale
0%
Painton
0%
Palace
0%
Palmetto
0%
Palo Pinto
0%
Panama
0%
Pansy
0%
Panther Valley
0%
Pape
0%
Papin
0%
Papinville
0%
Paradise
0%
Paris Springs Junction
0%
Parkdale
0%
Parker
0%
Parkville
0%
Parkway
0%
Parma
0%
Parmelee
0%
Parnell
0%
Parshley
0%
Parsons
0%
Pasadena Hills
0%
Pasadena Park
0%
Pascola
0%
Pasley
0%
Passaic
0%
Passover
0%
Patsy
0%
Patterson
0%
Patton
0%
Pattonsburg
0%
Pauldingville
0%
Paultown
0%
Pawnee
0%
Paydown
0%
Paynesville
0%
Peaceful Village
0%
Peace Valley
0%
Peach Orchard
0%
Peaksville
0%
Pearl
0%
Pease
0%
Peculiar
0%
Peerless Park
0%
Peers
0%
Pembina
0%
Pendleton
0%
Penermon
0%
Pennsboro
0%
Pennville
0%
Peoria
0%
Pepsin
0%
Perkins
0%
Perrin
0%
Peruque
0%
Petersburg
0%
Pevely
0%
Phelps
0%
Phelps City
0%
Phenix
0%
Philadelphia
0%
Phillipsburg
0%
Pickel
0%
Pickering
0%
Pierce City
0%
Pierpont
0%
Pilot Grove
0%
Pilot Knob
0%
Pinckney
0%
Pine Lakes Addition
0%
Pine Ridge
0%
Pineville
0%
Piney Park
0%
Pin Hook
0%
Pinhook
0%
Pink Hill
0%
Pin Oak Community
0%
Pioneer
0%
Piper
0%
Pisgah
0%
Pittsburg
0%
Pittsville
0%
Plad
0%
Plano
0%
Plato
0%
Platte Woods
0%
Plattin
0%
Plattsburg
0%
Pleasant Gap
0%
Pleasant Green
0%
Pleasant Hope
0%
Pleasant Mount
0%
Pleasant Retreat
0%
Pleasant Ridge
0%
Pleasant Valley
0%
Plevna
0%
Plew
0%
Plymouth
0%
Pocahontas
0%
Point Lookout
0%
Point Pleasant
0%
Pointrest
0%
Polk
0%
Pollock
0%
Polo
0%
Pomona
0%
Ponce de Leon
0%
Pond
0%
Pondfork
0%
Pontiac
0%
Porcupine
0%
Portageville
0%
Porter
0%
Port Hudson
0%
Portia
0%
Possum Trot
0%
Possum Walk
0%
Postal
0%
Post Oak
0%
Pottersville
0%
Potts
0%
Powell
0%
Powellville
0%
Powersite
0%
Powersville
0%
Poynor
0%
Prairie City
0%
Prairie Hill
0%
Prairie Home
0%
Prathersville
0%
Pratt
0%
Precinct
0%
Prescott
0%
Preston
0%
Prestonia
0%
Prices Branch
0%
Princeton
0%
Prior
0%
Proctor
0%
Prohibition City
0%
Prospect Grove
0%
Prosperine
0%
Prosperity
0%
Protem
0%
Providence
0%
Pulaski
0%
Pulaskifield
0%
Pulltight
0%
Pumpkin Center
0%
Purcell
0%
Purdin
0%
Purdy
0%
Purman
0%
Purvis
0%
Puxico
0%
Pyletown
0%
Pyrmont
0%
Quaker
0%
Quarles
0%
Quarry Town
0%
Queen City
0%
Quick City
0%
Quincy
0%
Quinn
0%
Quitman
0%
Qulin
0%
Rabbitville
0%
Racine
0%
Racket
0%
Racola
0%
Rader
0%
Randles
0%
Randolph
0%
Randolph Springs
0%
Raney
0%
Ranger
0%
Rankin
0%
Rapid Valley
0%
Rat
0%
Ravanna
0%
Ravenwood
0%
Rayborn
0%
Raymondville
0%
Rayville
0%
Rea
0%
Readsville
0%
Red Bank
0%
Redbird
0%
Redd
0%
Redford
0%
Redings Mill
0%
Redman
0%
Redmondville
0%
Red Oak
0%
Red Top
0%
Redtop
0%
Reeds
0%
Reeds Spring
0%
Reeds Spring Junction
0%
Reform
0%
Regal
0%
Reger
0%
Regina
0%
Renfro
0%
Renick
0%
Renner Corner
0%
Rensselaer
0%
Rescue
0%
Revere
0%
Reynolds
0%
Rhyse
0%
Richards
0%
Rich Fountain
0%
Richland
0%
Richville
0%
Richwoods
0%
Ridgedale
0%
Ridgely
0%
Ridge Prairie
0%
Ridgeway
0%
Ridgley
0%
Riggs
0%
Rimby
0%
Rinehart
0%
Ringo Point
0%
Risco
0%
Ristine
0%
Ritchey
0%
River aux Vases
0%
River Bend
0%
Riverdale
0%
Rivermines
0%
Riverside
0%
Riverview
0%
Riverview Estates
0%
Rives
0%
Roach
0%
Roads
0%
Roanoke
0%
Robbins
0%
Robertsville
0%
Robidoux
0%
Roby
0%
Rochester
0%
Rockaway Beach
0%
Rockbridge
0%
Rockford
0%
Rockingham
0%
Rock Port
0%
Rock Prairie
0%
Rock Springs
0%
Rockview
0%
Rockville
0%
Rocky Comfort
0%
Rocky Mount
0%
Rocky Ridge
0%
Rogersville
0%
Romance
0%
Rombauer
0%
Rome
0%
Rondo
0%
Roosevelt
0%
Roosterville
0%
Rosati
0%
Roscoe
0%
Roseberry
0%
Rose Hill
0%
Roseland
0%
Roselle
0%
Rosendale
0%
Rosewood
0%
Rossville
0%
Rothville
0%
Round Grove
0%
Round Spring
0%
Rover
0%
Rowena
0%
Rowland
0%
Roy
0%
Royal
0%
Royal Oak
0%
Ruble
0%
Rucker
0%
Rum Branch
0%
Running Water
0%
Rush Hill
0%
Rush Tower
0%
Rushville
0%
Russ
0%
Russellville
0%
Rutledge
0%
Ryder
0%
Sabula
0%
Saco
0%
Saddlebrooke
0%
Safe
0%
Saginaw
0%
Sagrada
0%
Saint Ann
0%
Saint Annie
0%
Saint Anthony
0%
Saint Aubert
0%
Saint John
0%
Saint Martins
0%
Saint Mary
0%
Saint Robert
0%
Saint Thomas
0%
Salcedo
0%
Saline City
0%
Saling
0%
Salisbury
0%
Salt River
0%
Salt Springs
0%
Samoa
0%
Samos
0%
Sampsel
0%
Sampson
0%
San Antonio
0%
Sandals
0%
Sand Hill
0%
Sandy Hook
0%
Sank
0%
Santa Fe
0%
Santa Rosa
0%
Santiago
0%
Santuzza
0%
Sarcoxie
0%
Sargent
0%
Sarvis Point
0%
Savannah
0%
Saverton
0%
Saxton
0%
Schalls
0%
Schell City
0%
Scheperville
0%
Schluersburg
0%
Schofield
0%
Scholten
0%
Schubert
0%
Schumer Springs
0%
Scopus
0%
Scotia
0%
Scotland
0%
Scotsdale
0%
Scott
0%
Scott City
0%
Scrivner
0%
Seaton
0%
Sebree
0%
Seckman
0%
Sedgewickville
0%
Sedgwick
0%
Seligman
0%
Sellers
0%
Selma
0%
Selmore
0%
Senath
0%
Seneca
0%
Seney
0%
Sentinel
0%
Service
0%
Settletown
0%
Seventy-Six
0%
Seymour
0%
Shackleford
0%
Shade
0%
Shady Grove
0%
Shafter
0%
Shamrock
0%
Shannondale
0%
Sharon
0%
Sharp
0%
Sharpsburg
0%
Shaw
0%
Shawan
0%
Shawnee
0%
Shawnee Mound
0%
Shawneetown
0%
Sheil
0%
Shelbina
0%
Shelby
0%
Shelbyville
0%
Sheldon
0%
Sheridan
0%
Sherman
0%
Sherrill
0%
Shibboleth
0%
Shibleys Point
0%
Shindler
0%
Shirley
0%
Shoal Creek Drive
0%
Shoal Creek Estates
0%
Shook
0%
Short Bend
0%
Shott
0%
Shreve
0%
Shrum
0%
Sibley
0%
Sidney
0%
Sigsbee
0%
Siloam Springs
0%
Silva
0%
Silver Creek
0%
Silver Lake
0%
Silver Mine
0%
Silver Springs
0%
Simcoe
0%
Simmons
0%
Sinsabaugh
0%
Skidmore
0%
Skinner
0%
Slagle
0%
Slater
0%
Sledd
0%
Sligo
0%
Smallett
0%
Smileyville
0%
Smithboro
0%
Smithfield
0%
Smithton
0%
Smittle
0%
Sni Mills
0%
Snyder
0%
Soldier Creek
0%
Solo
0%
Souder
0%
Southard
0%
South Gifford
0%
South Gorin
0%
South Greenfield
0%
South Lineville
0%
South Troy
0%
Southwest City
0%
Spalding
0%
Sparta
0%
Speed
0%
Spencer
0%
Spencerburg
0%
Sperry
0%
Spickard
0%
Splitlog
0%
Spokane
0%
Sprague
0%
Spring Bluff
0%
Spring City
0%
Spring Creek
0%
Spring Fork
0%
Spring Garden
0%
Spring Grove
0%
Springhill
0%
Sprott
0%
Spruce
0%
Spurgeon
0%
Squires
0%
Stahl
0%
St. Albans
0%
Stanberry
0%
Standish
0%
St. Ann
0%
Stanton
0%
Starfield
0%
Stark
0%
Stark City
0%
Starkenburg
0%
St. Catharine
0%
St. Cloud
0%
Steedman
0%
Steele
0%
Steelville
0%
Steffenville
0%
Steinmetz
0%
St. Elizabeth
0%
Stella
0%
Stephens
0%
Sterling
0%
Stet
0%
Stewartsville
0%
St. Francisville
0%
St. George
0%
Sticklerville
0%
Stickney
0%
Stillings
0%
Stinson
0%
St. John
0%
St. Mary
0%
Stockdale
0%
Stockton
0%
Stoddard
0%
Stokley
0%
Stone Hill
0%
St. Onge
0%
Storla
0%
Stotesbury
0%
Stotts City
0%
Stoutland
0%
Stoutsville
0%
Stover
0%
St. Patrick
0%
Strafford
0%
Strain
0%
Strasburg
0%
Stringtown
0%
St. Robert
0%
Strother
0%
St. Thomas
0%
Stubbs
0%
Stubtown
0%
Stultz
0%
Sturdivant
0%
Sturgeon
0%
Sturges
0%
Sublette
0%
Success
0%
Sudheimer
0%
Sue City
0%
Sugar Creek
0%
Sugartree
0%
Sulphur Springs
0%
Sumach
0%
Summerfield
0%
Summersville
0%
Summit
0%
Sumner
0%
Sundown
0%
Sunlight
0%
Susanna
0%
Sutherland
0%
Swan
0%
Swanwick
0%
Swart
0%
Swedeborg
0%
Sweden
0%
Sweet Springs
0%
Sweetwater
0%
Swinton
0%
Syenite
0%
Sylvania
0%
Syracuse
0%
Tabeau
0%
Taberville
0%
Table Rock
0%
Tackner
0%
Taft
0%
Taitsville
0%
Tallapoosa
0%
Tallent
0%
Talmage
0%
Talmage City
0%
Taneyville
0%
Tanner
0%
Taos
0%
Tarkio
0%
Tarrants
0%
Tarsney
0%
Tavern
0%
Taylor
0%
Teal Bend
0%
Tebbetts
0%
Tecumseh
0%
Tedieville
0%
Ten Mile
0%
Teresita
0%
Terre du Lac
0%
Texas Bend
0%
Thayer
0%
Theabeau Town
0%
Theodosia
0%
Thomas Hill
0%
Thomasville
0%
Thompson
0%
Thomure
0%
Thornfield
0%
Thorpe
0%
Three Creeks
0%
Thuroy
0%
Tiff
0%
Tiff City
0%
Tiffin
0%
Tightwad
0%
Tigris
0%
Tilden
0%
Tillman
0%
Tilsit
0%
Timber
0%
Tina
0%
Tindall
0%
Tin Mountain
0%
Tinney Grove
0%
Tin Town
0%
Tipton
0%
Tipton Ford
0%
Toga
0%
Toled
0%
Toledo
0%
Tolona
0%
Toonerville
0%
Topaz
0%
Toppertown
0%
Topsy
0%
Torch
0%
Toronto
0%
Townley
0%
Tracy
0%
Trail
0%
Trask
0%
Travers
0%
Trenton
0%
Trimble
0%
Triplett
0%
Troy Mills
0%
Truesdale
0%
Tuckahoe
0%
Tulip
0%
Tunas
0%
Turners
0%
Turney
0%
Tuscumbia
0%
Twelvemile
0%
Twin Oaks
0%
Two Strike
0%
Tyler
0%
Tyrone
0%
Udall
0%
Ulman
0%
Umber View Heights
0%
Umpire
0%
Union City
0%
Union Star
0%
Uniontown
0%
Unionville
0%
Unity
0%
Unity Village
0%
Uplands Park
0%
Upton
0%
Urbana
0%
Urich
0%
Utica
0%
Uva
0%
Vada
0%
Vale
0%
Valles Mines
0%
Valley City
0%
Valley Ridge
0%
Valley View
0%
Van Cleve
0%
Vandalia
0%
Vandiver
0%
Vanduser
0%
Vanzant
0%
Varvol
0%
Vastus
0%
Velda City
0%
Velda Village Hills
0%
Venable
0%
Venice
0%
Venus
0%
Vera
0%
Vera Cruz
0%
Verdella
0%
Verona
0%
Vibbard
0%
Viburnum
0%
Vichy
0%
Vicksburg
0%
Victoria
0%
Vida
0%
Vienna
0%
Village of Four Seasons
0%
Vincit
0%
Vineland
0%
Vinita Terrace
0%
Viola
0%
Violet
0%
Virgil City
0%
Virginia
0%
Virginia Settlement
0%
Vista
0%
Vivian
0%
Vulcan
0%
Waco
0%
Wakenda
0%
Waldron
0%
Walker
0%
Walkersville
0%
Wallace
0%
Wall Street
0%
Walnut
0%
Walnut Grove
0%
Walnut Shade
0%
Wanblee
0%
Wanda
0%
Wappapello
0%
Wappapello Lake
0%
Wardell
0%
Wardsville
0%
Ware
0%
Warson Woods
0%
Washburn
0%
Washington Center
0%
Wasola
0%
Waterloo
0%
Watkins
0%
Watson
0%
Waverly
0%
Wayland
0%
Weatherby
0%
Weatherby Lake
0%
Weaubleau
0%
Weber
0%
Webster Groves
0%
Weingarten
0%
Weldon Spring Heights
0%
Wellington
0%
Wellston
0%
Wellsville
0%
Wentworth
0%
Wesco
0%
West Alton
0%
West Aurora
0%
West Bend
0%
Westboro
0%
West Ely
0%
West Eminence
0%
West Fork
0%
West Hartford
0%
West Line
0%
Weston
0%
Westover
0%
Westphalia
0%
West Platte
0%
West Quincy
0%
West Sullivan
0%
Westville
0%
Westwood
0%
Wet Glaize
0%
Wheatland
0%
Wheaton
0%
Wheelerville
0%
Wheeling
0%
Whitakerville
0%
White Bear
0%
White City
0%
White Cloud
0%
Whitecloud
0%
Whitecorn
0%
White Horse
0%
Whitehorse
0%
White Oak
0%
White Rock
0%
Whiteside
0%
Whitesville
0%
Whitewater
0%
Whiting
0%
Wien
0%
Wilbur Park
0%
Wilby
0%
Wilcox
0%
Wilderness
0%
Wilhelmina
0%
Willhoit
0%
Williamsburg
0%
Williamstown
0%
Williamsville
0%
Willmathsville
0%
Willow Brook
0%
Willow Springs
0%
Wilson City
0%
Wilton
0%
Windsor
0%
Windsor Place
0%
Windyville
0%
Winfred
0%
Wingate
0%
Winigan
0%
Winkler
0%
Winner
0%
Winnipeg
0%
Winona
0%
Winston
0%
Wintersville
0%
Winthrop
0%
Wisdom
0%
Wishart
0%
Withers Mill
0%
Wittenberg
0%
Witty
0%
Wolf Island
0%
Womack
0%
Wood
0%
Wood Heights
0%
Wood Hill
0%
Woodland
0%
Woodlandville
0%
Woodlawn
0%
Woodruff
0%
Woods Heights
0%
Woodside
0%
Woodson Terrace
0%
Woodville
0%
Wooldridge
0%
Worcester
0%
Worland
0%
Worth
0%
Worthington
0%
Wounded Knee
0%
Wrightsville
0%
Wyaconda
0%
Wyatt
0%
Wyeth
0%
Wyreka
0%
Yama
0%
Yancy Mills
0%
Yarrow
0%
Yates
0%
Yonkerville
0%
York
0%
Youngers
0%
Youngstown
0%
Yount
0%
Yucatan
0%
Yukon
0%
Zadock
0%
Zalma
0%
Zanoni
0%
Zell
0%
Zenar
0%
Zewapeta
0%
Zion
0%
Zodiac
0%
Zora
0%
No matching quizzes found
Score Distribution
Percent of People with Each Score
Percentile by Number Answered
Your Score History
You have not taken this quiz